Microbiome data: Bioinformatic, computational and statistical analysis (Record no. 395711)

MARC details
000 -LEADER
fixed length control field 00544 a2200193 4500
005 - DATE & TIME
control field 20260121103135.0
008 - FIXED-LENGTH DATA ELEMENTS--GENERAL INFORMATION
fixed length control field 260120b |||||||| |||| 00| 0 eng d
020 ## - ISBN
International Standard Book Number 9798888365489
Price $ 153.00
040 ## - CATALOGING SOURCE
Original cataloging agency VIVEKANANDA LIBRARY
082 ## - DDC NUMBER
Classification number 579.0185
Book Number R911M
100 ## - MAIN ENTRY--PERSONAL NAME
Personal name Russell, Gianni
245 ## - TITLE STATEMENT
Title Microbiome data: Bioinformatic, computational and statistical analysis
260 ## - PUBLICATION, DISTRIBUTION, ETC. (IMPRINT)
Name of publisher, distributor, etc Larsan and Keller
Date of publication, distribution, etc 2025
Place of publication, distribution, etc New York
300 ## - PHYSICAL DESCRIPTION
Pages vi, 227
650 ## - Subject
Subject Microorganisms
650 ## - Subject
Subject Bioinformatics
650 ## - Subject
Subject Computer Applications
942 ## - ADDED ENTRY ELEMENTS (KOHA)
Koha item type Books
Holdings
Withdrawn status Lost status Source of classification or shelving scheme Damaged status Not for loan Location (home branch) Sublocation or collection (holding branch) Shelving location Date acquired Koha issues (times borrowed) Koha full call number Accession No. Koha date last seen Koha item type
    Dewey Decimal Classification     VIVEKANANDA LIBRARY VIVEKANANDA LIBRARY Vivekananda Library 06/01/2026   579.0185 R911M 444177 06/01/2026 Books
© Designed and Maintained by Vivekananda Library, MDU Rohtak